| 000 | 00338nam a2200133Ia 4500 | ||
|---|---|---|---|
| 100 | _aMillman/J/ Halkias/C.C | ||
| 942 | _cBK | ||
| 654 | _aintegrated | ||
| 245 | _aIntegrated electronics : Analog and digital circuits and system | ||
| 260 |
_bMcGraw Hill _aTokyo _c1971 |
||
| 082 |
_a621.38179 _bMIL |
||
| 300 | _a378 | ||
| 546 | _aENGLISH | ||
| 999 |
_c34413 _d34413 |
||